| 000 | 00000nas##2200000za#4500 |
| 001 | 9.505152 |
| 003 | CaOODSP |
| 005 | 20220125145840 |
| 007 | cr ||||||||||| |
| 008 | 150406c2000||||xxc|| p o||||f| |0eng|d |
| 022 | |a1912-3248 |
| 040 | |aCaOODSP|beng |
| 043 | |an-cn--- |
| 086 | 1 |aD12-9E-PDF |
| 110 | 1 |aCanada. |bDepartment of National Defence. |
| 245 | 14|aThe Army doctrine and training bulletin |h[electronic resource] |
| 260 | |aOttawa - Ontario : |bNational Defence |
| 310 | |aQuarterly |
| 362 | 1 |aVol. 1, No. 1, August 1998--Vol. 6, No. 3, Fall/Winter, 2003 |
| 500 | |aContinued by The Canadian army journal (ISSN 1712-9745), from Vol. 7, No. 1, Spring 2004-- |
| 690 | 07|aArmed forces|2gcpds |
| 690 | 07|aEthics|2gcpds |
| 690 | 07|aVocational training|2gcpds |
| 775 | 08|tLe bulletin de doctrine et d'instruction de l'Armée de terre |w(CaOODSP)9.501551 |
| 776 | 0#|tThe Army doctrine and training bulletin |w(CaOODSP)9.508366 |
| 776 | 0#|tLe bulletin de doctrine et d'instruction de l'Armée de terre |w(CaOODSP)9.508367 |
| 785 | 00|tThe Canadian Army journal.|w(CaOODSP)9.505131 |